Advanced engineering mathematics, 7/e (Record no. 308699)
[ view plain ]
| 000 -LEADER | |
|---|---|
| fixed length control field | 00323 a2200133 4500 |
| 001 - CONTROL NUMBER | |
| control field | 73626 |
| 082 ## - DEWEY DECIMAL CLASSIFICATION NUMBER | |
| Classification number | 510.2462 KRE |
| 090 ## - LOCALLY ASSIGNED LC-TYPE CALL NUMBER (OCLC); LOCAL CALL NUMBER (RLIN) | |
| -- | 38923 |
| -- | 38923 |
| 100 ## - MAIN ENTRY--PERSONAL NAME | |
| Personal name | Kreyszig Erwin |
| 245 ## - TITLE STATEMENT | |
| Title | Advanced engineering mathematics, 7/e |
| 250 ## - EDITION STATEMENT | |
| Edition statement | 7th |
| 260 ## - PUBLICATION, DISTRIBUTION, ETC. | |
| Place of publication, distribution, etc. | NY |
| Name of publisher, distributor, etc. | Holt Rinehart and Winston |
| Date of publication, distribution, etc. | 1975 |
| 300 ## - PHYSICAL DESCRIPTION | |
| Extent | 866 p. |
| 942 ## - ADDED ENTRY ELEMENTS (KOHA) | |
| Institution code [OBSOLETE] | NUST-CAE |
| Call number prefix | 510.2462 KRE |
| Withdrawn status | Lost status | Damaged status | Not for loan | Collection code | Permanent Location | Current Location | Date acquired | Total Checkouts | Full call number | Barcode | Date last seen | Price effective from | Koha item type |
|---|---|---|---|---|---|---|---|---|---|---|---|---|---|
| College of Aeronautical Engineering (CAE) | College of Aeronautical Engineering (CAE) | 04/03/2017 | 510.2462 KRE | CAE67851 | 04/05/2017 | 04/05/2017 | Book |
